Twenty one pilots summer fest 2021 - Statistics

General Stats
  • This quiz has been taken 50 times
  • The average score is 16 of 24
Answer Stats
No. Song % Correct
20 Ride
94%
1 Good day/ no chances/ fairly local
91%
2 Stressed out
91%
7 Lane boy/ Nico and the niners/ redecorate
89%
3 Migraine/ morph/ holding on to you
89%
24 Trees
89%
21 Car radio
86%
10 Formidable/ doubt/ tear in my heart
86%
4 Heathens/ blasphemy
83%
22 Shy away
83%
13 House of gold/ we don’t believe what’s on tv
77%
15 Jumpsuit
77%
17 Saturday
74%
16 Heavydirtysoul
71%
19 Level of concern
66%
9 Mulberry street
66%
8 Chlorine
63%
12 Home (Edward sharpe and the magnetic zeros cover)
63%
5 The outside
63%
6 Message man
54%
11 I can see clearly now (jimmy cliff cover)
20%
23 I’m not okay, I promise (my chemical romance cover)
6%
18 Low rider (war cover)
6%
14 One last effort (halo 3 cover)
3%
No matching quizzes found
Score Distribution
Percent of People with Each Score
Percentile by Number Answered
Your Score History
You have not taken this quiz